000 01078nam a2200265Ia 4500
003 OSt
005 20220923211545.0
006 a|||||r|||| 00| 0
007 ta
008 220922b |||||||| |||| 00| 0 hin d
020 _a9789383931491 (hbk)
_c1495
024 _a354,622
037 _b1118, 29/12/2021, Kiran Book Service
_cTextual
040 _aARTS
_cARTS
_bhin
041 _2hin
_ahin
082 _aO152:g(Y15), R1
100 _aचतुर्वेदी, जगदीश्वर, ले.
_9160781
245 0 _aस्त्री साहित्येतिहास, अस्मिता और आत्मकथा
246 _aStrī sāhityetihāsa, asmitā aur ātmakathā
260 _aदिल्ली
_b एकैडमिक पब्लिकेशन
_c2021
300 _a504पृ.
_ccm.
650 _aहिन्दी साहित्य
_9156264
942 _hO152:g(Y15), R1
_cTEXL
_2CC
999 _c300759
_d300759